Teuerste Zugänge von FC Arsenal - Statistiken

Allgemein
  • Dieses Quiz wurde 43 mal gespielt
  • Das Durchschnittsergebnis liegt bei 8 aus 15
Antwortstatistiken
Hint Antwort % Korrekt
1 Declan Rice
92%
3 Kai Havertz
87%
15 Martin Odegaard
79%
9 Mesut Özil
74%
4 Pierre-Emerick Aubameyang
62%
7 Gabriel Jesus
59%
2 Nicolas Pepe
49%
8 Thomas Partey
49%
6 Alexandre Lacazette
41%
5 Ben White
38%
11 Granit Xhaka
33%
12 Alexis Sanchez
31%
14 Jurrien Timber
31%
10 Riccardo Calafiori
21%
13 Shkodran Mustafi
21%
Keine übereinstimmenden Quizze gefunden
Verteilung der Resultate
Anzahl Personen mit jedem Resultat
Perzentil nach korrekt beantworteten Fragen
Ihre Resultats-Entwicklung
Sie haben dieses Quiz noch nicht gespielt